| 000 | 00842nam a22002657a 4500 | ||
|---|---|---|---|
| 003 | OSt | ||
| 005 | 20210421073455.0 | ||
| 008 | 201218s2002 ||||| |||| 00| 0 eng d | ||
| 020 | _a0874933226 | ||
| 040 |
_aeng _beng _cDLC _deng |
||
| 041 | _aeng | ||
| 080 |
_a61 _bH-42 |
||
| 100 |
_9536 _aHazinski, Fran. Mary _eSenior Science Editor |
||
| 245 |
_aPALS Provider Manual _c/ by: American Heart Association Learn and Live |
||
| 260 |
_aDallas _bAmerican Heart Association Learn and Live _c2002 |
||
| 300 |
_a450 p. _bill. |
||
| 650 | 0 |
_969 _aMedicine |
|
| 653 | _aმედიცინა | ||
| 700 |
_9537 _aZaritsky, L. Arno _eEditor |
||
| 700 |
_9538 _aNadkarni, M. Vinay _eEditor |
||
| 700 |
_9539 _aHickey, W. Robert _eEditor |
||
| 700 |
_9540 _aSchexnayder, M. Stephen _eEditor |
||
| 700 |
_9541 _aBerg, A. Robert _eEditor |
||
| 942 |
_2udc _cBK |
||
| 999 |
_c703 _d703 |
||